Priemyselná toxikológia ´04 : Zborník prednášok

Salvato in:
Dettagli Bibliografici
Ente Autore: 24. vedecká konferencia Spišská Nová Ves
Natura: Atti del Convegno Libro
Lingua:multilingua
Pubblicazione: Bratislava : Slovenská spoločnosť priemyselnej chémie, 2004
Soggetti:
Tags: Aggiungi Tag
Nessun Tag, puoi essere il primo ad aggiungerne!!

MARC

LEADER 00000nam a22000003a 4500
001 stu89706
005 20150408161125.0
008 040826s2004----xo------------------mul-d
020 |a 80-968011-4-7 
022 |a 1335-3152 
040 |a STU  |b slo 
041 0 |a mul 
044 |a xo 
080 |a 615 
080 |a (063) 
111 2 |a 24. vedecká konferencia  |d (2.-4.6.2004 :  |c Spišská Nová Ves) 
245 |a Priemyselná toxikológia ´04 :  |b Zborník prednášok 
260 |a Bratislava :  |b Slovenská spoločnosť priemyselnej chémie,  |c 2004 
300 |a 240 s 
650 7 |a toxikológia priemyselná  |2 stusub 
996 |b 284M060162  |c M*Z-2459  |l MMKN  |s A  |a 24  |w stu89706_0001